Responses for Show #2201 - Monday, March 14, 1994

Amy Fine game 2.

Contestants

[<< previous game]

Rick Geary, an illustrator and cartoonist from San Diego, California

Bob Helfrich, a clergyman from Sayreville, New Jersey

Amy Fine, a wife and mother from Potomac, Maryland (whose 1-day cash winnings total $13,201)

[next game >>]

Jeopardy! Round responses

METALS
COMEDY FILMS
INCREDIBLE EDIBLES
CHILDREN'S LITERATURE
NEXT IN LINE
"EX" WORDS
    $100 12
lead

Amy
    $100 3
Home Alone

Amy
    $100 11
blood

Bob
    $100 22
Peter Rabbit

Amy
    $100 17
Mars

Rick
    $100 1
Exodus

Amy
    $200 14
automobiles

Bob
    $200 4
Hot Shots!

Rick
    $200 13
reindeer

Bob
    $200 23
Ferdinand

Rick
    $200 18
summa cum laude

Rick
    $200 2
exhibit

Rick
    $300 15
mercury

Amy
    $300 5
the Father of the Bride

Rick
    $300 16
Rome

Rick
    $300 24
The Cat in the Hat

Amy
    $300 19
prime

Amy
    $300 8
exalt

Amy
    $400 27
aluminum

Bob
    $400 6
(Alex: Yes, great casting.)
[ERRATUM: The actor's name is Danny DeVito.]

Arnold Schwarzenegger

Rick
    $400 29
(Bob: What's an alcoholic beverage?)
...
(Alex: How do you like your [*]?)
[Laughter]

coffee

Bob
Triple Stumper
    $400 25
The Wind in the Willows

Bob
    $400 20
sextuplets

Rick
    $400 9
excursions

Amy
    $500 28
arsenic

Amy
    $500 7
The Nutty Professor

Rick
    $500 30
the walrus

Amy
    $500 26
(Amy: What is the Newbery Award?)

the Caldecott Award

AmyBob
    $1,000 21
(Alex: The penny, the nickel, the dime & the quarter.)
(Rick: Oh!)
(Alex: But you didn't need that. You came up with the correct response anyway.)

George Washington

Rick
    $500 10
extemporaneous

Amy

Scores at the first commercial break (after clue 15):

Amy Bob Rick
$1,800 $500 $1,600

Scores at the end of the Jeopardy! Round:

Amy Bob Rick
$3,000 $1,400 $3,800

Double Jeopardy! Round responses

THE 50 STATES
HISTORIC NAMES
TRAVEL GUIDES
HOLIDAYS & OBSERVANCES
SHIPS
QUOTES
    $200 2
Wisconsin

Amy
    $200 4
(Charles) Darwin

Rick
    $200 13
Triple-A

Bob
    $200 12
December 25th

Bob
    $200 1
nuclear power

Amy
    $200 14
Wall Street

Amy
    $400 3
Minnesota

Rick
    $400 5
Napoleon

Bob
    $400 28
[The end-of-round signal sounds as Amy was selecting TRAVEL GUIDES $600.]

Michelin

Amy
    $400 20
Martin Luther

Amy
    $400 19
a tanker

Amy
    $400 15
beauty

Bob
    $600 6
New Jersey

Bob
    $600 9
Confucius

Rick
    $600 21
Israel

Amy
    $600 27
the Cunard line

Bob
    $600 16
Dylan Thomas

Rick
    $800 7
Wyoming

Bob
    $800 10
Ramses (II) (the Great)

Amy
    $800 22
Denmark

Bob
    $800 26
the Clermont

Rick
    $800 17
a marriage

Bob
    $1000 8
Montana

Amy
    $1000 11
Plutarch

Amy
    $1000 25
(Karl) Baedeker

Rick
    $3,000 23
(Bob: What is Syria?)
...
(Alex: We have less than a minute to go.)

Iraq

Bob
    $1000 24
the Constellation

Bob
    $2,000 18
(Bob: I have no idea, Alex.)
(Alex: [*] was her pen name; Mary Ann Cross was her real name.)
[Before revealing the Final Jeopardy! clue Alex mentioned that Amy Fine pointed out that viewers may have been confused since Mary Ann Evans was the maiden name and Mary Ann Cross was the married name.]

George Eliot

Bob

Scores at the end of the Double Jeopardy! Round:

Amy Bob Rick
$8,200 $2,200 $7,400

[wagering suggestions for these scores]

Final Jeopardy! Round responses

THE UNITED NATIONS
BobWhat is Germany?
$2,199
RickWhat S
$2,000
AmyWhat is Switzerland?
$6,601
Switzerland

Final scores:

Amy Bob Rick
$14,801 $1 $5,400
2-day champion: $28,002 3rd place: Panasonic digital effects generator & Jeopardy! & Wheel of Fortune for Super Nintendo & Sega Genesis 2nd place: AST color notebook & Dome home business software

Game dynamics:

Coryat scores:

Amy Bob Rick
$8,200 $7,200 $6,900
22 R,
1 W
16 R,
3 W
(including 2 DDs)
17 R
(including 1 DD),
0 W

Combined Coryat: $22,300

[game clues] [game scores] [suggest correction]

Game tape date: 1993-12-07
The J! Archive is created by fans, for fans. Scraping, republication, monetization, and malicious use prohibited; this site may use cookies and collect identifying information. See terms. The Jeopardy! game show and all elements thereof, including but not limited to copyright and trademark thereto, are the property of Jeopardy Productions, Inc. and are protected under law. This website is not affiliated with, sponsored by, or operated by Jeopardy Productions, Inc. Join the discussion at JBoard.tv.